Part of UK (Impossible) - Statistics

General Stats
  • This quiz has been taken 22 times
  • The average score is 3 of 6
Answer Stats
Hint Answer % Correct
Where is London England
85%
What is the most northernmost part of UK Scotland
85%
What is the region in the east that touches England Wales
70%
What is the island that is in South America. Falkland Islands
55%
What is the island of UK Northern Ireland.
35%
What is the island close to england Jersey
15%
No matching quizzes found
Score Distribution
Percent of People with Each Score
Percentile by Number Answered
Your Score History
You have not taken this quiz